[Event "Chelyabinsk 6.4"]
[Site "Polanica Zdroj POL"]
[Date "1998.08.19"]
[Round "6.4"]
[White "Leko, Peter"]
[Black "Gelfand, Boris"]
[Result "1/2-1/2"]
[WhiteElo "2665"]
[BlackElo "2675"]
[EventDate "1998.08.17"]
[Annotator "Gelfand/Huzman"]

1. e4 c5 2. Nf3 Nc6 3. d4 cxd4 4. Nxd4 Nf6 5. Nc3 e5 6. Ndb5 d6 7. Bg5 a6 
8. Na3 b5 9. Nd5 Be7 10. Bxf6 Bxf6 11. c3 O-O 12. Nc2 Bg5 13. a4 bxa4 14. 
Rxa4 a5 15. Bc4 Rb8 16. b3 Kh8 17. O-O f5 18. exf5 Bxf5 19. Nce3 Bg6 20. 
Be2 Bf7! {Light-squared bishop's pendulous maneuvers allow Black to 
maintain the dynamic tension in the position. With his last move White has
relaxed his control over the crucial d5-square, and Black immediately 
takes sight at it } 21. Nc4 e4! N {This dynamic continuation was suggested
by V.Kramnik } ( {Previously the Russian Grand Master has tested the lunge
} 21. ... Nd4?! 22. cxd4 Bxd5 23. dxe5 Bxc4 24. Bxc4 dxe5 25. Qe2?! ( {To 
the gain of a pawn and to certain winning chances in the position with 
bishops of opposite color leads} 25. Qe1!? += ) 25. ... Qc7 26. Rfa1 Be7 
=, quiet {1/2-1/2 Shirov, Alexei-Kramnik,Vladimir/Amber Rapid Monte Carlo 
rapid (6) ;EXP 63 1998 (35)} 27. f3 Bb4 28. Rd1 Rf4 29. Raa1 Rbf8 30. Bd5 
Rd4 31. Kh1 Rd8 32. Be4 Qc3 33. Rab1 Rxd1+ 34. Rxd1 Rxd1+ 35. Qxd1 Qe1+ { 
1/2-1/2, Shirov Alexei 2720 - Kramnik Vladimir 2780 , Monaco 1998 It 
"Melody Amber" (active)} ) 22. Kh1 ( 22. f4 exf3 23. Bxf3 Ne5 24. Nxe5 ( 
24. Nxa5? Rb5 -+ ) 24. ... dxe5 =+ 25. Be4 Bxd5 ( 25. ... Rxb3 {Adorian,A}
26. Qxb3 ( 26. Rxf7 Rxf7 27. Qxb3 Qxd5 ) 26. ... Bxd5 27. Rxf8+ Qxf8 28. 
Qb1 ) 26. Rxf8+ Qxf8 27. Bxd5 Qc5+ 28. Kh1 Qxc3 -/+ ) ( 22. Ra3 Bg8 23. f4
exf3 24. Bxf3 Ne5 ) ( {Now the advance b3-b4 turns out to be not dangerous
for Black} 22. b4 axb4 23. Ra6 Be8 24. cxb4 Nxb4 25. Rxd6 Qc8 26. Qd4 Nxd5
27. Rxd5 Bf6 28. Qd1 Bc6 29. Rc5 Rd8 {1/2-1/2 Govedarica, Radovan (2466) -
Zakic, Srdjan (2364) / Belgrade schev (3), Belgrade SRB 1999} ) 22. ... 
Bg8! {An unpretentious move that increases the coordination between black 
figures to the limit. Hiding in the corner, black bishop maintains the 
pressure upon the d5-, c4-, b3-squares and clears the f-file for his rooks
} ( {Also worth attention is} 22. ... Be6!? { with similar idea} 23. Bg4 
Bg8 ) 23. Ra3 ( 23. f4 exf3 ( 23. ... Bxd5 24. Qxd5 Bxf4 25. g3 Ne7 26. 
Qxa5 ) 24. Rxf3 ( 24. Bxf3 Ne5 25. Nxe5 dxe5 26. c4 e4 ) 24. ... Re8 ( 
24. ... Rxf3 25. Bxf3 Ne5 26. Nxe5 dxe5 27. c4 =, quiet ) 25. Rd3 Rb5 â†‘ 
) 23. ... Ne7! {Black sets about the "uprooting" of white figures from 
their centralized positions } ( 23. ... Rf5 24. Nce3 Bxe3 25. Nxe3 Rc5 26.
 c4 Qf6 27. Qd2 =, quiet ) ( 23. ... Rb7 24. f4 exf3 25. Bxf3 Ne5 26. Nxe5
dxe5 27. c4 =, quiet ) 24. Nce3 ( 24. Nxe7 Qxe7 ( 24. ... Bxe7 25. Nxa5 
Qc7 26. b4 d5 =/& {Leko,P} ) 25. Nxa5 ( 25. Rxa5 d5 26. Ne3 Qc7 27. Rxd5 
Bxd5 28. Nxd5 Qe5 =+ ) 25. ... d5 26. b4 ( 26. Ra4 Qc5 ( 26. ... Rb6 27. 
c4 ~ ) 27. Qd4 Qc7 28. c4 Ra8 ) 26. ... Rb6 ( 26. ... Qc7 ) 27. Nb3 Rbf6 
28. Qe1 Bf4 =/& { Black has a serious initiative for his sacrificed pawn} 
) 24. ... Nxd5 ( 24. ... Bxe3!? 25. Nxe3 d5 26. Qd4 ( 26. f3 Qd6 27. Nc2 
Nf5 â†‘ ) ( 26. Nc2 Qc7 =+ ) 26. ... Nc6 27. Qc5 Qb6 =+ ) 25. Nxd5 Rf5 26.
 c4 ( {Dynamic potential of black position is well illustrated by the 
following variation} 26. Bc4 Qf8 27. Ra2 ( 27. Qd4 e3! ) 27. ... a4! ( 
27. ... e3 ) 28. bxa4 Qc8 -+ ) 26. ... Bxd5 27. cxd5 Qb6 ( 27. ... Qf6 28.
 Ra4 ( 28. f3!? Bf4 â–³ 29. fxe4 Qh4 30. Rxf4 ) 28. ... Rxf2 29. Rxe4 
=, quiet ) 28. f3? ( {As B.Gelfand points out, the most precise 
continuation i} 28. Ra4 Rxf2 29. Rxe4 Rbf8 30. Qe1!? =, quiet {maintaining
equality} ( 30. Rxf2 Qxf2 =+ ) ) 28. ... Qc5 29. Qa1 Bd2? ( {To black 
advantage leads } 29. ... Bf6 30. Qa2 exf3 ( 30. ... Qxd5 31. fxe4 ( 31. 
Rd1 Bd4 32. Ra4 exf3 33. Raxd4 fxg2+ 34. Kg1 Rf1+ 35. Bxf1 gxf1=Q+ 36. 
Kxf1 Qh1+ -+ ) ( 31. Bc4 Qc5 32. fxe4 Qxc4 ) 31. ... Rxf1+ 32. Bxf1 Qxe4 
33. Rxa5 Rf8 ( 33. ... Be5 34. Qf2 ) ( 33. ... Bd4 34. Qe2 Rf8 35. Qd1 ) 
34. Qf2 Be7 ( 34. ... d5 35. Ra4 ) 35. Qe2 Qb1 36. Kg1 Qxb3 =+ 37. Rb5 Qc3
( 37. ... Qa4 38. Rb1 =+ ) 38. Rd5 Qc1 39. g3 Bg5 40. Rd1 =+ ) 31. Bxf3 
Qxd5 32. Qe2 Qc5 -/+ ) 30. Ra4? ( 30. fxe4 Rxf1+ 31. Bxf1 Rf8 32. Ra2 Qe3 
=/& ) 30. ... e3?! ( 30. ... exf3 31. Bxf3 Rxb3 -/+ ) 31. Rg4 Rf6? ( 
31. ... Re5! 32. Bc4 ( 32. f4 Bc3! -/+ ( 32. ... Re7 33. f5 Bc3 34. Qd1 ) 
) 32. ... Rbe8 33. Re4 Qb4 =+ ( 33. ... h6!? ) ) 32. Bc4 Re8 33. Qd1 Qc8 (
33. ... h5 34. Re4 ( 34. Rh4 Qxc4 -+ ) ) 34. Qe2 =, quiet Qf5 35. g3 Rh6 
36. Kg2 Rf8 37. h4 Rhf6 1/2-1/2

[Event "Chelyabinsk 6.5"]
[Site "Pardubice CZE"]
[Date "2002.07.26"]
[Round "6.5"]
[White "Klovans, Janis"]
[Black "Nataf, Igor-Alexandre"]
[Result "1-0"]
[WhiteElo "2431"]
[BlackElo "2560"]
[EventDate "2002.07.19"]

1. e4 c5 2. Nf3 Nc6 3. d4 cxd4 4. Nxd4 e5 5. Nb5 d6 6. N1c3 a6 7. Na3 b5 
8. Nd5 Nf6 9. Bg5 Be7 10. Bxf6 Bxf6 11. c3 O-O 12. Nc2 Bg5 13. a4 bxa4 14.
 Rxa4 a5 15. Bc4 Rb8 16. b3 Kh8 17. O-O f5 18. exf5 Bxf5 19. Nce3 Bg6 20. 
Be2 Bf7 21. Nc4 Bg8!? {First of all, Black withdraws his light-squared 
bishop to a flexible position without deciding on the aggresive but 
binding continuation e5-e4 for the present } 22. Bf3 {White, in his turn, 
takes the opportunity to fortify the position of his light-squared bishop 
} 22. ... Rb5! {The main idea of black counterplay consists in the 
transfer of his rook to the 5th rank. Now the solid-looking white piece 
construction in the center starts tottering in view of the threat Rf8:f3! 
} 23. Be4 Rc5!? {Creating more comfortable conditions for the maneuver 
Nc6-e7 } ( {White chances are more preferable in case of the immediate} 
23. ... Ne7 24. Nxe7 Bxe7 25. Na3 Rc5 26. c4 += {followed by Na3-c2-e3)} )
24. Ncb6 ( 24. Re1!? Ne7!? 25. Nxe7 Bxe7 26. Bc2 e4! =+ ) 24. ... Rb5 25. 
Nc4 Rc5 26. Qd3?! {Struggling for an advantage and rejecting the move 
repetition, White overlooks an unexpected opportunity of his opponent's} (
{Rough dynamic equality is stressed by} 26. Ncb6 ) 26. ... Bxd5 27. Bxd5 
e4!! {An effective liberating pawn sacrifice} 28. Qxe4 ( 28. Bxe4? d5 -/+ 
) ( {In I. Nataf's opinion, the best continuation is} 28. Qd1 Ne7 29. Be6 
Bf4 30. g3 Rf6! 31. Bh3 Bh6 32. Qa1 Nc6 =+ ) 28. ... Ne7! +/- {Suddenly it
turns out that those nice, centralized white pieces are intertwined in a 
deadly tangle} 29. Bb7 ( 29. Rd1? Nxd5 30. Rxd5 Re8 -+ ) ( 29. Be6!? d5! 
30. Qd4 ( 30. Qe5 Bf4! 31. Qd4 Qc7 -+ ) 30. ... Rc6! 31. Re1 ( 31. Bxd5 
Bf6! -+ ) 31. ... Bf6 -+ ) 29. ... d5! 30. Qd4 Qc7 31. Ne5 Nf5! ( 31. ... 
Bf6 32. f4 ) 32. Qg4 {With the only moves White tries to maintain material
equality, but in vain... } 32. ... Bh6! 33. Nd3 Rxc3 34. Ba6 Qb6 35. Re1 
g6! 1-0

[Event "Chelyabinsk variation - 7"]
[Site "Wijk aan Zee NED"]
[Date "2005.01.22"]
[Round "7.1"]
[White "Ponomariov, Ruslan"]
[Black "Kramnik, Vladimir"]
[Result "1/2-1/2"]
[WhiteElo "2700"]
[BlackElo "2754"]
[EventDate "2005.01.15"]
[Annotator "Rogozenco"]

1. e4 c5 2. Nf3 Nc6 3. d4 cxd4 4. Nxd4 Nf6 5. Nc3 e5 6. Ndb5 d6 7. Bg5 a6 
8. Na3 b5 9. Nd5 Be7 10. Bxf6 Bxf6 11. c3 Bg5 12. Nc2 O-O 13. a4 bxa4 14. 
Rxa4 a5 15. Bc4 Rb8 16. Ra2!? {This modest rook retreat is a prologue to 
an original plan of an attack on the K-side } ( 16. b3 ) 16. ... Kh8 17. 
Nce3 {This move has been always concidered harmless, but in this 
impressive game Ponomariov shows that White has plenty of hidden ideas.

Delaying his castling, White holds back the f7-f5 advance for a time and 
provokes the move g7-g6. What does he need all this cunnung tricks for? It
will become clear on the next move } ( 17. O-O f5 18. exf5 Bxf5 =, quiet )
( 17. h4 Bh6 18. Nce3 Bxe3 19. Nxe3 Ne7 =, quiet 20. b3 f5 21. exf5 Nxf5 
22. Nxf5 Bxf5 23. O-O Be4 24. Bd5 Bxd5 25. Qxd5 Qxh4 26. Rxa5 Qf6 27. Ra6 
e4 28. Rxd6 Qxc3 29. Qxe4 Qxb3 {1/2-1/2 Asrian,K-Khalifman,A/Bled 2002} ) 
17. ... g6 ( {In order to avoid the game continuation Black can play} 
17. ... Bxe3 18. Nxe3 Ne7 19. O-O f5 += {/=} ) 18. h4! {White takes full 
advantage of the rook on h1. 

A positional sacrifice of the h-pawn allows White to open up the border 
file for the attack against black king } ( 18. O-O f5 =, quiet ) 18. ... 
Bxh4 {Black is practically forced to accept the pawn offer, as otherwise 
it will advance to h5, and a "target" on g6 makes the opening of the files
on the K-side unavoidable anyway } ( 18. ... Bh6?! 19. h5 +/- ) ( 18. ... 
Bxe3?! 19. Nxe3 +/- ) 19. g3 Bf6 ( {Better is} 19. ... Bg5 {with 
complicated position:} 20. f4 ( 20. b3 {#} 20. ... Bxe3 21. Nxe3 Be6 ( 
21. ... f5 ) ) ( 20. b4!? ) 20. ... exf4 21. gxf4 Bh4+ 22. Kf1 f5 ~ 23. b3
( 23. b4 fxe4 24. Rah2 g5 25. b5 Ne5 26. Qd4 Rb7 ~ {0-1 
Holmsten,A-Filippov,V/ Polanica Zdroj 1999 (36)} ) 23. ... fxe4 24. Rah2 
g5 25. Ng2 Rb7 26. Nxh4 gxh4 27. Rxh4 Rg7 ( 27. ... Qe8 28. Bb5 Bf5 29. 
Bxc6 Qxc6 30. Qd4+ Rg7 31. Ne7 Qb5+ 32. Ke1 e3 33. Rh5 +- {1-0 
Maus,S-Birnboim,N/Tel Aviv 1987 (54)} ) 28. Qh5 Bf5 29. Qh6 e3 ~ {1/2-1/2 
Stangl,M-Kindermann,S/Altensteig 1987 (53)} ) 20. b3! {All of a sudden it 
turns out that it is enough for White to move the f2-pawn, and the way to 
the h-file for the a2-rook is open! } 20. ... Bg7 21. f4! {White is 
prepared to attack even if his own king is uncastled and his center is 
open! This brave strategy is possible because his pieces are centralized }
21. ... exf4 22. gxf4 Re8 ( 22. ... Ne7? 23. Rah2 h6? 24. Rxh6+ Bxh6 25. 
Qd4+ f6 26. Nxf6 Nc6 27. Rxh6+ {1-0 Saheli,N-Raghavi,N/Bikaner 2004} ) ( 
22. ... f5 23. Rah2 h6 24. Qf3 fxe4 25. Qg2 +- ) 23. Qf3 ( 23. Rah2!? h6 (
23. ... h5? 24. Rxh5+ gxh5 25. Qxh5+ Kg8 26. Qh7+ Kf8 27. Rg1 +- ) ( 
23. ... Rxe4 24. Rxh7+ Kg8 25. Qc2 +- ) 24. Qf3 Kg8 25. Qg2 â†’ ) 23. ... 
Kg8 {Black king tries to escape the dangerous zone while the going is good
} ( {This situation had occured in the previous practice, and black 
defence was unsuccessful:} 23. ... h6? 24. Rah2 Ne7? 25. Rxh6+ Bxh6 26. 
Rxh6+ Kg7 27. Qh1! Rh8 28. Rxh8 Qxh8 29. Qxh8+ Kxh8 30. Nxe7 +- {1-0 
Maki,V-Holmsten,A/Vammala 1999/EXT 2000 (58)} ) 24. Rah2 h5 {Now in order 
to open up the h-file White has to sacrifice not just an exchange, but a 
full rook! } 25. Rxh5!? ( {After the simple} 25. Qg2! {planning f4-f5 
White has a strong attack.} ) 25. ... gxh5 26. Qxh5 Re6 {The analysis 
below shows that this complicated poition is equal. Most likely it must 
end with perpetual check.} 27. Qh7+ {To perpertual check leads} ( 27. Rg1 
Kf8 28. Rxg7! Kxg7 29. Nf5+ Kg8 30. Nh6+ Kg7 ( 30. ... Rxh6? 31. Qxh6 +- )
31. Nf5+ =, quiet {(Kramnik)} ) ( 27. Nf5 Rxe4+ 28. Kd1 Bxf5 29. Qxf5 Re6 
30. Qh7+ Kf8 31. Rg1 Rg6 32. Rxg6 fxg6 33. Nc7 Qxc7 34. Qg8+ Ke7 35. Qxg7+
Kd8 36. Qg8+ Ke7 37. Qf7+ =, quiet {(Shipov)} ) 27. ... Kf8 28. Rg1 ( 28. 
Kf2 Rg6 29. Nf5 Ne5! ( 29. ... Rb7? 30. Nxg7 Rxg7 31. Qh8+ Rg8 32. Qh6+ 
Ke8 33. Nf6+ Ke7 34. Nxg8+ Qxg8 35. Rg1 Qd8 36. Rg7 +- ) 30. fxe5 Qg5 31. 
Nf6 Qd2+ 32. Kf1 Qf4+ 33. Ke1 Qc1+ 34. Kf2 Qc2+ 35. Kf1 {is also a draw} )
28. ... Rg6 29. Rxg6 fxg6 30. f5! {Having sacrificed his rook, White 
attacks with "quiet" moves. Black, in his turn, is hard put to bring his 
Q-side pieces into play, but in the course of the following struggle he 
still manages to repel the opponent's attack } ( 30. Nc7 d5! ( 30. ... Ne7
31. Ned5! Nxd5 32. Bxd5 Qxc7 33. Qg8+ Ke7 34. Qxg7+ Kd8 35. Qg8+ =, quiet 
) 31. Nexd5 Ne7 32. e5! ( {Black wins after} 32. f5? gxf5 33. Nxe7 Bxc3+! 
34. Ke2 Qd2+ -+ ) 32. ... Bg4 33. f5! Bxf5 34. Nxe7 Qxc7 35. Qg8+ Kxe7 36.
 Qxg7+ Kd8 37. Qg8+ Kd7 38. Qd5+ {and again Black cannot avoid the draw:} 
38. ... Kc8 39. Ba6+ Rb7 40. Qg8+ Kd7 41. Qd5+ Ke7 42. Qxb7 Qxb7 43. Bxb7 
Ke6 =, quiet ) ( 30. Nf6 Ne7! ) 30. ... Qg5 ( 30. ... Rb7 31. Ne7 Kxe7! ( 
31. ... Nxe7 32. f6 Nd5! 33. fxg7+ Rxg7 34. Qh8+ Rg8 35. Qh6+ Ke8 36. Bxd5
Rf8 37. Qxg6+ Kd7 =, quiet ) 32. Qxg7+ Ke8 33. Qxg6+ Kd7 34. Qg7+ Ke8 
=, quiet ) 31. Nf4 â–¡ =, quiet Ne7 ( 31. ... Qxf4?? 32. Qg8+ Ke7 33. Nd5+
) ( 31. ... Bxc3+ 32. Ke2 Nd4+? ( 32. ... Ke8 33. Qg8+ Kd7 34. Qe6+ Kc7 
35. Nfd5+ Kb7 ) 33. Kd3 +- ) 32. Nxg6+ Ke8 ( 32. ... Nxg6? 33. Qg8+ Ke7 
34. Nd5+ +- ) 33. Nd5 Qg1+ 34. Kd2 Qg5+ 35. Ke1 Bf6 36. Ngxe7 Bxe7 ( 
36. ... Qh4+ 37. Kf1 Bxe7 ( 37. ... Qxh7 38. Nxf6+! Kxe7 39. Nxh7 +/- ) 
38. Qg6+ Kd8 39. Qg8+ Kd7 40. Qe6+ Kd8 41. Qg8+ =, quiet ) 37. Qh8+ Kd7 ( 
37. ... Bf8 38. Nf6+ Ke7 39. Nd5+ Ke8 40. Nf6+ =, quiet ) 38. f6 Qg3+ ( 
38. ... Bd8? 39. Bb5+! ( 39. Qg7+ Qxg7 40. fxg7 Bb7 41. Ke2 Bg5 42. Kf3 
=, quiet ) 39. ... Rxb5 40. Qg7+ Qxg7 41. fxg7 +- {(Ponomariov)} ) 39. Ke2
Qg2+ 40. Ke3 Qg3+ 41. Ke2 Qg4+ 42. Kf2 {In spite of players combativity 
the draw is inevitable.} 42. ... Bd8 43. Bf1 ( 43. Be2 Qxe4 44. Bf3 Qg6 {
is a draw as well.} ) 43. ... Kc6 44. Qxd8 Qh4+ 45. Kg1 ( {White loses 
after} 45. Ke3? Qe1+ 46. Be2 Qxe2+! {This wins, everything else loses.} 
47. Kxe2 Bg4+ ) 45. ... Qg3+ 1/2-1/2

[Event "Chelyabinsk 7.2"]
[Site "Linares"]
[Date "2005.02.28"]
[Round "7.2"]
[White "Anand, Viswanathan"]
[Black "Kasparov, Garry"]
[Result "1/2-1/2"]
[WhiteElo "2786"]
[BlackElo "2804"]
[EventDate "2005.02.23"]
[Annotator "Rogozenco"]

1. e4 c5 2. Nf3 Nc6 3. d4 cxd4 4. Nxd4 Nf6 5. Nc3 e5 6. Ndb5 d6 7. Bg5 a6 
8. Na3 b5 9. Nd5 Be7 10. Bxf6 Bxf6 11. c3 O-O 12. Nc2 Bg5 13. a4 bxa4 14. 
Rxa4 a5 15. Bc4 Rb8 16. Ra2 Kh8 17. Nce3 g6 18. O-O { In this game White 
rejects a sharp move 18.h4!? and tests a novel way of struggling for the 
initiative that is associated with accessibility of the a4- and b5-squares
both for queen and light-squared rook } ( 18. h4 ) 18. ... f5 19. Qa4!? {
The idea of Sankt Petersburg GM M.Novik. White uses the fact that he 
hasn't played b2-b3 yet.} 19. ... Bd7 20. Bb5 Rxb5?! {This tempting 
exchange operation gets Black into trouble } ( 20. ... Qc8 21. Nc4!? ( 21.
 exf5 gxf5 22. f4 exf4 23. Bxc6 Bxc6 24. Qd4+ Kg8 25. Nxf4 += ) ) ( {or a 
double-edged} 20. ... Nb4! {Indicated first by Cifuentes. are worth 
subsequent testing} 21. Bxd7 Nxa2 {The concrete variations show that Black
is doing okay here. Probably it's about equal:} 22. Bb5 ( 22. exf5 Rxb2 
23. Nc4 Nxc3! 24. Nxc3 Rb4 25. Qc6 Rxc4 26. Qxc4 Qxd7 27. fxg6 hxg6 {In 
the final position of this line White has compensation for a pawn, but his
chances are hardly better} ) 22. ... Bxe3 ( 22. ... fxe4 23. Bc4 ( 23. Ra1
? Bxe3 24. fxe3 Qh4 25. g3 Qh5 -/+ ) 23. ... Bxe3 ( 23. ... Rxb2 24. Nd1 
Rd2 25. Bxa2 += ) 24. Nxe3 Rxb2 {is the same as 22...Bxe3} ) ( 22. ... f4 
23. Nc4 f3 24. g3 Nc1 25. Nxa5 Ne2+ 26. Bxe2 ( 26. Kh1 Rf7! {Cifuentes} ) 
26. ... fxe2 27. Re1 Rxb2 28. Nc4 Rb8 29. Qa6 Be7 30. Rxe2 Qc8 31. Qxc8 
Rfxc8 32. Nb2! =/& ) 23. Nxe3 ( 23. fxe3 Qh4 â†‘ ) 23. ... fxe4! ( 23. ...
 f4 24. Nd5 f3 25. g3 Qg5 26. Ne3 +/- ) 24. Bc4 Rxb2 25. Bxa2 Qf6 26. Nd1 
( 26. f3? Qf4 27. Nd1 Rxg2+ 28. Kxg2 exf3+ -+ ) ( 26. Bd5 Rxf2 -+ ) 
26. ... Rd2 {followed by ...d5, with initiative for Black} 27. h3 ( 27. 
Qxa5? Rxd1 -+ ) 27. ... d5 28. Qxa5 Qd8!? =, quiet ( 28. ... e3 29. Nxe3 
Rxf2 30. Re1! ( 30. Rd1? Qf4 -+ ) 30. ... d4 31. cxd4 exd4 32. Ng4 Rxg2+ 
33. Kxg2 Qf3+ 34. Kh2 Qf4+ =, quiet ) ) 21. Qxb5 Nb4 22. Qxa5 Nxa2 23. 
Qxa2 fxe4 ( {Probably there are more counterchances for Black in the 
continuation} 23. ... f4 24. Nc2 f3 25. g3 Bc6 26. Rd1 Qd7 27. Ne1 h5 28. 
Qa3 Bh6 29. c4 +/- {1-0 Novik,M-Filippov,V/Sankt_Peterburg 1994 (48)} ) 
24. b4 {It is amazing that all this was known since 1994, when G.Nesis and
M.Novik evaluated the position with advantage for White. They were right: 
the first player has plans to advance the b-pawn or/and attack pawn e4, 
while for Black it is difficult to create counterplay.

White positional advantage is undoubtful. His knights, having successfully
consolidated their positions on the central squares, paralyze the activity
of black bishops. At the same time, White has at his disposal a clear plan
of utilizing a passed pawn on the Q-side } 24. ... Be6 25. c4 Qc8! {Black 
resists stubbornly, making life as hard as possible for his opponent. Now 
the b4-b5 advance would result in appearance of black queen on c5 } 26. 
Qb3 ( 26. Qc2 {looks very attractive, but it remains unclear if White can 
win the following endgame:} 26. ... Bxe3 {Forced} 27. Nxe3 d5 ( 27. ... 
Bf5 28. Rd1 +/- ) 28. cxd5 Qxc2 29. Nxc2 Bxd5 30. Ne3 Be6! ( 30. ... Bc6 
31. Rc1 +/- ) 31. Rb1 ( 31. b5 Rb8 32. Rb1 Rb6 33. Nd1 Bc4 34. Nc3 Bd3 35.
 Rb2 Kg7 =, quiet ) ( 31. Rc1 Rb8 ) 31. ... Rb8 32. Kf1 Kg7 ) ( 26. Rd1 
âŒ“ Rf7 ( 26. ... Kg7 27. Qc2 Qa8 28. Nc7 +/- ) 27. Qc2 Qa8 28. b5 +/- ( 
28. Qxe4 Bxe3 29. Qxe3 Bxd5 30. cxd5 Qa4 â‡„â‡„ ) ) ( 26. Qb1? Bxd5 ) ( 
26. b5 Qc5 ) 26. ... Kg7 27. Rb1 ( 27. Rd1 âŒ“ ) ( 27. b5!? Qc5! 28. b6 ) 
27. ... Rf7 { Black waits, and White looks for an opportunity to carry out
a breakthrough } ( 27. ... Bxe3 28. Nxe3! +/- ) 28. Rd1 {Anand obviously 
cannot make up his mind: either to advance the b-pawn, or prepare Qc2.} ( 
28. b5 Qc5 += ) 28. ... h5 29. Qc2 Qa8! 30. h3?! ( 30. Qxe4?! Bxe3 31. 
Qxe3 Bxd5 32. cxd5 Qa4 33. Rb1 Qa2 â‡„â‡„ ) ( 30. b5 Bh4 31. g3 +/- ) 
30. ... Bh4! {Using the weaknesses created by White's previous move. 

Black intends to paralyze the opponent pieces' activity by catching hold 
of the f2-square} 31. Rf1 ( 31. Rd2 Bxd5 32. Nxd5 Qa1+ 33. Kh2 Qe1 â‡„â‡„ 
) ( 31. g3!? Bg5 32. h4 ) 31. ... Qf8 32. b5 Bc8 33. Nc3 Bb7 {Due to 
dynamic pecularities of the position the e4-pawn is still alive } 34. Ned5
! {Another regroupment of white pieces in order to eliminate the e4-pawn }
34. ... Qc8 35. Qe2 {Threatening 31.Nxe4} ( 35. Qxe4 Rf4! 36. Qe2 Rd4 37. 
Ra1 Qc5 =/& ) 35. ... Bxd5 36. Nxd5 Qc5 37. b6? {Amazingly enough, as a 
result of this natural-looking advance White loses his great advantage } (
37. Nc3 {would have kept good winning chances. For instance:} 37. ... Rc7 
( 37. ... Qd4 38. Nxe4 Rf4 39. Nd2 +/- ) 38. b6 ( 38. Nxe4 Qxc4 39. Qxc4 
Rxc4 40. Nxd6 Rc2 â‡„â‡„ ) ( 38. Rb1!? Qxc4 ( {Best chances for resistance
ensue from} 38. ... Qd4! ) 39. Qxc4 Rxc4 40. b6 Bd8 41. Nd5 Rc8 42. b7 Rb8
43. Rb5! { followed by Nd5-b4-c6 (shown by S.Shipov)} ) 38. ... Rf7 39. b7
!? Rxb7 40. Qxe4 Rb3 41. Qxh4 Rxc3 42. Qe7+ Kh6 43. Qf8+ Kh7 44. Ra1 Ra3 (
44. ... Qc7 45. Qa8 +- ) 45. Rb1 Qc7 46. Rb8 Qg7 47. Qxd6 ) 37. ... Qd4! 
38. Qc2 ( 38. Kh2 Rxf2 39. Rxf2 Bxf2 40. b7 Bg1+ 41. Kg3 ( 41. Kh1? Qa1 ) 
41. ... Bf2+ 42. Qxf2 h4+ 43. Kh2 Qxf2 44. b8=Q Qg3+ 45. Kg1 Qe1+ =, quiet
) 38. ... Kh7 ( 38. ... Bg3 {is also good enough} ) 39. Kh2 Rxf2 40. Rxf2 
Bxf2 41. Qc1 ( 41. b7? Bg1+ 42. Kg3 ( 42. Kh1 Qa1! 43. b8=Q Bb6+ 44. Kh2 
Qg1+ 45. Kg3 Qe1+ 46. Kh2 Bg1+ 47. Kh1 Bf2+ 48. Kh2 Bg3# ) 42. ... Bf2+ 
=, quiet ) 41. ... e3 42. b7 Qa7 ( 42. ... e2? 43. b8=Q e1=Q 44. Qc7+ Kg8 
45. Nf6+ Kf8 46. Qh6# ) 43. Qb1 e2 44. Ne7 Bg3+ 1/2-1/2